000 00443nam a2200157Ia 4500
008 200103s9999||||xx |||||||||||||| ||und||
020 _a9788186270011
040 _aIMU-MPC
082 _aColumn-57
100 _aBanwait, S. S. and Laroiya, S. C.
245 0 _aProperties of Refrigerant and Psychrometric: Tables and Charts in S. I. Units
250 _a24th Ed.
260 _bBirla Publications, Delhi
_c2018
300 _a64
942 _cBK
999 _c10740
_d10740